[Event "Augsburg op"]
[Site "Augsburg"]
[Date "2013.12.28"]
[Round "3"]
[White "Alvir, Aco"]
[Black "Knipfer, Andreas"]
[Result "1-0"]
[WhiteElo "2368"]
[BlackElo "1698"]
[PlyCount "65"]
[EventDate "2013.12.27"]
[EventType "swiss"]
[EventRounds "7"]
[EventCountry "GER"]
[SourceTitle "CBM 158 Extra"]
[Source "ChessBase"]
[SourceDate "2014.02.28"]
[SourceVersion "1"]
[SourceVersionDate "2014.02.28"]
[SourceQuality "1"]

1. e4 e5 2. Nf3 Nc6 3. Bb5 Nge7 4. 0-0 a6 5. Bc4 d5 6. exd5 Nxd5 7. Re1 Be6 8. d4 Be7 9. dxe5 0-0 10. Qe2 Re8 11. Rd1 Na5 12. Bd3 Qc8 13. c4 Nb4 14. b3 Nxd3 15. Qxd3 Rd8 16. Qe2 Rxd1+ 17. Qxd1 Qd8 18. Qe2 Nc6 19. Bb2 Nb4 20. Ne1 Bf5 21. Nc3 Bc5 22. Rd1 Qg5 23. a3 Nc6 24. Nf3 Qg4 25. b4 Ba7 26. Nd5 Rd8 27. Nxc7 Rc8 28. Nd5 Rd8 29. b5 Na5 30. b6 Bb8 31. Rd4 Qh5 32. Ne7+ Kf8 33. Rh4 1-0

[Event "Augsburg op"]
[Site "Augsburg"]
[Date "2013.12.27"]
[Round "1"]
[White "Behling, Robert"]
[Black "Knipfer, Andreas"]
[Result "1/2-1/2"]
[WhiteElo "2124"]
[BlackElo "1698"]
[PlyCount "56"]
[EventDate "2013.12.27"]
[EventType "swiss"]
[EventRounds "7"]
[EventCountry "GER"]
[SourceTitle "CBM 158 Extra"]
[Source "ChessBase"]
[SourceDate "2014.02.28"]
[SourceVersion "1"]
[SourceVersionDate "2014.02.28"]
[SourceQuality "1"]

1. c4 Nf6 2. Nc3 g6 3. e4 d6 4. d4 Bg7 5. f3 0-0 6. Be3 c6 7. Nge2 Nbd7 8. Qd2 e5 9. d5 Ne8 10. g4 Nb6 11. Ng3 f5 12. gxf5 gxf5 13. Bg5 Qc7 14. 0-0-0 cxd5 15. Nxd5 Nxd5 16. Qxd5+ Kh8 17. Kb1 Rb8 18. exf5 b5 19. cxb5 a6 20. Nh5 Bxf5+ 21. Ka1 axb5 22. Bd3 Bxd3 23. Rxd3 Qc4 24. Nxg7 Qxd5 25. Rxd5 Kxg7 26. Rf1 Kf7 27. f4 Ke6 28. Rdd1 e4 1/2-1/2